Lace: a novel

Uloženo v:
Podrobná bibliografie
Hlavní autor: Conran, Shirley (Autor)
Médium: Kniha
Jazyk:angličtina
Vydáno: Harmondsworth Penguin Books 1982
Vydání:1a. ed
Témata:
Tagy: Přidat tag
Žádné tagy, Buďte první, kdo vytvoří štítek k tomuto záznamu!

MARC

LEADER 00000cam a2200000 a 4500
001 UCF5281
003 CL-VaPUC
008 130307e19820000UK |||||||||||||||||eng|d
020 |a 0140063870 
082 0 4 |a 823  |b CON  |2 21 
100 0 |a Conran, Shirley  |e author  |9 567080 
245 1 0 |a Lace: a novel 
250 |a 1a. ed 
300 |a 617 p 
942 |c BK 
945 |d 20130307 00:00:00  |a cmena 
260 |a Harmondsworth  |b Penguin Books  |c 1982 
650 0 |a Novelas inglesas  |9 265220 
650 0 |a Literatura inglesa  |9 312907 
583 |a last modification  |c 20130307 11:37:00  |k Rodrigo Vera 
999 |c 350839  |d 350837 
952 |0 0  |1 0  |4 0  |6 823_000000000000000_CON_1982  |7 0  |8 A  |9 454572  |a BIBEDU  |b BIBEDU  |d 2019-11-22  |i 4948319  |o 823 CON 1982  |p 4948319  |r 2019-11-22  |w 2019-11-22  |y BK  |k LIT